|
|
|
|
| LEADER |
00000naa a2200000uu 4500 |
| 001 |
vtls011052163 |
| 003 |
SK-MaSNL |
| 005 |
20260302143243.0 |
| 008 |
210904|1998 xo |||||||||||||||||eng| |
| 015 |
|
|
|a SNBRA
|
| 035 |
|
|
|a (urnnbn)urn:nbn:sk:snk:ar-a0bvla
|
| 035 |
|
|
|a (uuid)e367587b-3812-4d3c-981e-f4332468cf6f
|
| 035 |
|
|
|a urn:nbn:sk:snk-aav2cp
|
| 040 |
|
|
|a SNKBUCL
|b slo
|c SNKBUCL
|e AACR2
|
| 041 |
0 |
|
|a eng
|
| 044 |
|
|
|a xo
|c SK
|
| 100 |
1 |
|
|a Dreyer, Jürgen
|4 aut
|9 772238
|
| 245 |
1 |
0 |
|a Improvement of Heat and Moisture Protection of Existing Constructions
|c Jürgen Dreyer, Thomas Bednar, Barburec, Hecht
|
| 700 |
1 |
|
|a Bednar, Thomas
|4 aut
|9 772240
|
| 700 |
0 |
|
|a Barburec
|4 aut
|9 833091
|
| 700 |
0 |
|
|a Hecht
|4 aut
|9 339064
|
| 773 |
0 |
|
|t Voda a vlhkosť v pozemných stavbách
|d Košice : Technická univerzita, 1998
|g S. 15-19
|z 8070993251
|
| 958 |
|
|
|a OND
|
| 958 |
|
|
|a article12
|
| 958 |
|
|
|a chapter
|
| 999 |
|
|
|c 1343430
|d 1345360
|